Hope again / (Record no. 122)

MARC details
000 -LEADER
fixed length control field 00868cam a2200277 a 4500
005 - DATE AND TIME OF LATEST TRANSACTION
control field 20260322212007.0
008 - FIXED-LENGTH DATA ELEMENTS--GENERAL INFORMATION
fixed length control field data
010 ## - LIBRARY OF CONGRESS CONTROL NUMBER
LC control number 96008962
020 ## - INTERNATIONAL STANDARD BOOK NUMBER
International Standard Book Number 084991132X
020 ## - INTERNATIONAL STANDARD BOOK NUMBER
International Standard Book Number 9780849911323
040 ## - CATALOGING SOURCE
Original cataloging agency DLC
Transcribing agency DLC
Modifying agency DLC
050 00 - LIBRARY OF CONGRESS CALL NUMBER
Classification number BV4909
Item number .S95 1996
082 00 - DEWEY DECIMAL CLASSIFICATION NUMBER
Classification number 248.8/6
Edition information 20
092 ## - LOCALLY ASSIGNED DEWEY CALL NUMBER (OCLC)
Classification number 248.8 S95 1996
001 - CONTROL NUMBER
control field data
100 1# - MAIN ENTRY--PERSONAL NAME
Personal name Swindoll, Charles R.
245 10 - TITLE STATEMENT
Title Hope again /
Statement of responsibility, etc. Charles R. Swindoll.
260 ## - PUBLICATION, DISTRIBUTION, ETC.
Place of publication, distribution, etc. Dallas :
Name of publisher, distributor, etc. Word Pub.,
Date of publication, distribution, etc. 1996.
300 ## - PHYSICAL DESCRIPTION
Extent xiii, 287 p. ;
Dimensions 24 cm.
504 ## - BIBLIOGRAPHY, ETC. NOTE
Bibliography, etc. note Includes bibliographical references (p. 283-287).
630 00 - SUBJECT ADDED ENTRY--UNIFORM TITLE
Uniform title Bible.
Name of part/section of a work Peter, 1st
-- Peter, 1st
General subdivision Devotional literature.
650 #0 - SUBJECT ADDED ENTRY--TOPICAL TERM
Topical term or geographic name entry element Suffering
General subdivision Christianity.
-- Christianity.
650 #0 - SUBJECT ADDED ENTRY--TOPICAL TERM
Topical term or geographic name entry element Hope
General subdivision Christianity.
-- Christianity.
650 #0 - SUBJECT ADDED ENTRY--TOPICAL TERM
Topical term or geographic name entry element Consolation.
856 42 - ELECTRONIC LOCATION AND ACCESS
Materials specified Publisher description
Uniform Resource Identifier <a href="http://www.loc.gov/catdir/enhancements/fy0609/96008962-d.html">http://www.loc.gov/catdir/enhancements/fy0609/96008962-d.html</a>
Holdings
Withdrawn status Lost status Damaged status Not for loan Home library Current library Shelving location Date acquired Total checkouts Full call number Barcode Date last seen Price effective from Koha item type
        Franklin Franklin General stacks 22/03/2026   248.8/6 20 BC0010126 22/03/2026 22/03/2026 Books